| 000 | 00954cam a2200277 4500 | ||
|---|---|---|---|
| 008 | 010921n2001 000 0 eng u | ||
| 020 | _a0632053348 | ||
| 035 | _a(Sirsi) u114749 | ||
| 100 | _aAshworth, A. | ||
| 245 | _aWillis's practice and procedure for the quantity surveyor | ||
| 250 | _a11th ed. | ||
| 260 |
_aOxford _bBlackwell Science _c2001 |
||
| 300 |
_axiv,364p. _c25cm. |
||
| 350 | _a24.50 | ||
| 520 | _aA new revised and expanded edition of this standard text looking at the work of the QS, which includes new sections on facilities management, insolvency, risk management and value management. | ||
| 520 | _aSUPERSEDED BY 12th ed (isbn 9781405145787) | ||
| 650 |
_aFACILITIES MANAGEMENT _96240 |
||
| 650 |
_aInsolvency _96247 |
||
| 650 | _aQUANTITY SURVEYORS | ||
| 650 | _aRISK MANAGEMENT | ||
| 650 | _aSURVEYING | ||
| 650 | _aVALUE MANAGEMENT | ||
| 690 |
_aQuantity surveying _96263 |
||
| 700 | _aHogg, K. | ||
| 942 | _n0 | ||
| 999 |
_c101660 _d101660 |
||